[Event "23rd ETCC Open 2021"]
[Site "Catez"]
[Date "2021.11.15"]
[Round "4.38"]
[White "Dragnev, Valentin"]
[Black "Lupulescu, Constantin"]
[Result "1-0"]
[WhiteElo "2548"]
[BlackElo "2624"]
[Annotator "TA"]
[PlyCount "105"]
[EventDate "2021.11.08"]
[EventType "team-tourn"]
[EventCountry "SLO"]
[SourceTitle "playchess.com"]
[Source "ChessBase"]
[SourceQuality "1"]
[WhiteTeam "Austria"]
[BlackTeam "Romania"]
[WhiteTeamCountry "AUT"]
[BlackTeamCountry "ROU"]

{[%evp 24,105,77,32,31,36,50,26,216,222,224,230,212,216,214,225,197,201,268,17,
17,43,52,49,25,0,41,37,37,0,0,-38,262,188,214,0,0,0,0,0,23,24,101,96,88,46,59,
64,61,67,65,0,85,64,76,72,132,154,137,117,173,212,266,267,240,249,266,216,270,
240,297,250,418,360,566,583,2908,2399,29975,29976,29976,29977,29983,29982]} 1.
e4 c5 2. Nf3 d6 3. d4 cxd4 4. Nxd4 Nf6 5. Nc3 Nc6 6. Bg5 Bd7 7. Qd2 h6 8. Bxf6
gxf6 9. O-O-O Nxd4 10. Qxd4 Qa5 11. f4 Rc8 12. Kb1 Qc5 13. Qd2 f5 {B61:
Sicilian: Richter-Rauzer: 6...Bd7 7 Qd2.} 14. exf5 Bxf5 15. Bb5+ {[#]} Bd7 $146
{[#]} (15... Kd8 $11 {and Black stays safe.}) ({Predecessor:} 15... Kd8 16. Ba4
Qa5 17. Qe3 Bg7 18. Rd5 Rxc3 19. Rxa5 Rxe3 20. Rxf5 Rf8 21. Bb5 e6 {1/2-1/2 
(53) Cabrera Trujillo,J (2410)-Cifuentes Parada,R (2532) Lugo 2009}) 16. Rhe1
$1 $18 Kd8 {[#]} ({Don't go for} 16... Bxb5 $2 17. Ne4 $18) 17. Re5 $3 {
[%mdl 512]} Qb6 18. Bxd7 Kxd7 19. Rb5 Qa6 20. Qd5 Rc7 21. Qxf7 (21. Qe5 $18)
21... Rxc3 $1 $11 22. Qf5+ e6 23. Qf7+ Be7 24. Re5 Rc7 {...Qc4 is the strong
threat.} 25. Rxe6 Kd8 26. Qg7 {[%mdl 1024] White has compensation.} Re8 27. Qg6
{[%cal Rd1d6]} Rh8 $2 {[%mdl 8192]} (27... Qa4 $15 {stays ahead.}) 28. a3 ({
And not} 28. Rdxd6+ Bxd6 29. Rxd6+ Rd7 $11) 28... Kc8 29. Qg7 $2 (29. Qe4 $18)
29... Re8 30. Qxh6 {Threatens to win with Rde1.} Qc4 31. Qg6 Rf8 32. g3 Rd8 (
32... Rf6 $11 {keeps the balance.} 33. Rxf6 Bxf6) 33. Rde1 Bf8 34. Re8 $40 {
[%mdl 128] Threatening mate with Rxd8+. White mounts an attack.} Qf7 35. Qg4+
Rcd7 36. R8e6 Kb8 37. f5 (37. Qg6 $14) 37... Rc8 (37... Bg7 $11 {remains equal.
}) 38. Qf3 Rdc7 39. R1e2 Qd7 (39... Be7 $142) 40. g4 $16 Qb5 41. R6e3 Bh6 {[#]}
(41... Bg7 $16 {keeps fighting.} 42. f6 Bh6) 42. Rb3 $1 $18 {[%cal Rb3b5]} Qa6
43. h4 Bf4 {intending ...Be5.} 44. g5 Be5 45. f6 {Hoping for f7.} Rc4 46. Rb4
Rxb4 47. axb4 Qc4 $2 (47... Rf8 48. c3 Qc4) 48. f7 Rf8 {[#]} (48... Bg7 $142
49. c3 Qb5) 49. Rxe5 $1 {[%mdl 512]} dxe5 (49... Rxf7 50. Rf5) 50. g6 Qd4 51.
Qf6 {White mates.} Qd1+ 52. Ka2 Qd5+ 53. b3 {Weighted Error Value: White=0.25/
Black=0.61} 1-0

[Event "23rd ETCC Open 2021"]
[Site "Catez"]
[Date "2021.11.15"]
[Round "4.39"]
[White "Parligras, Mircea-Emilian"]
[Black "Blohberger, Felix"]
[Result "1-0"]
[WhiteElo "2576"]
[BlackElo "2490"]
[Annotator "ChessBase"]
[PlyCount "39"]
[EventDate "2021.11.08"]
[EventType "team-tourn"]
[EventCountry "SLO"]
[SourceTitle "playchess.com"]
[Source "ChessBase"]
[SourceQuality "1"]
[WhiteTeam "Romania"]
[BlackTeam "Austria"]
[WhiteTeamCountry "ROU"]
[BlackTeamCountry "AUT"]
[TimeControl "40/5400+30:1800+30"]

1. d4 Nf6 2. c4 e6 3. Nf3 b6 4. a3 Bb7 5. Bf4 c5 6. d5 exd5 7. cxd5 Nxd5 8. Bg3
Be7 9. e4 Nf6 10. e5 Ne4 11. Nc3 Nxg3 12. hxg3 d5 13. exd6 Qxd6 14. Qxd6 Bxd6
15. Nb5 Ke7 16. O-O-O Bxf3 17. gxf3 Be5 18. Re1 a6 19. Nc7 Ra7 20. Rxe5+ 1-0

[Event "23rd ETCC Open 2021"]
[Site "Catez"]
[Date "2021.11.15"]
[Round "4.40"]
[White "Shengelia, David"]
[Black "Jianu, Vlad-Cristian"]
[Result "0-1"]
[WhiteElo "2513"]
[BlackElo "2522"]
[Annotator "ChessBase"]
[PlyCount "104"]
[EventDate "2021.11.08"]
[EventType "team-tourn"]
[EventCountry "SLO"]
[SourceTitle "playchess.com"]
[Source "ChessBase"]
[SourceQuality "1"]
[WhiteTeam "Austria"]
[BlackTeam "Romania"]
[WhiteTeamCountry "AUT"]
[BlackTeamCountry "ROU"]
[TimeControl "40/5400+30:1800+30"]

1. c4 e6 2. Nc3 d5 3. d4 Nf6 4. cxd5 exd5 5. Bg5 Be7 6. e3 c6 7. Bd3 Nbd7 8.
Nge2 h6 9. Bh4 Nh5 10. Bxe7 Qxe7 11. Qc2 Nb6 12. Rb1 O-O 13. O-O Be6 14. Rfe1
Rfe8 15. Na4 Nxa4 16. Qxa4 Qg5 17. b4 a6 18. Qc2 Bg4 19. a4 Bf3 20. Ng3 Nxg3
21. hxg3 Be4 22. Bxe4 Rxe4 23. b5 axb5 24. axb5 Rc8 25. bxc6 bxc6 26. Rb5 Re6
27. Rc5 h5 28. e4 Qg4 29. Rxd5 h4 30. gxh4 Rh6 31. Re5 Qxh4 32. Kf1 Qh1+ 33.
Ke2 Qxg2 34. Kd3 Rd8 35. Re3 Rhd6 36. Rg3 Rxd4+ 37. Kc3 Qf1 38. Re8+ Rxe8 39.
Kxd4 Qe1 40. Re3 c5+ 41. Kc4 Qb4+ 42. Kd3 Qb5+ 43. Kd2 Qf1 44. Re2 Ra8 45. Ke3
Qh3+ 46. Kf4 Ra6 47. Qxc5 Rf6+ 48. Ke5 Qh5+ 49. Kd4 Qxe2 50. Qc8+ Kh7 51. Qh3+
Kg6 52. Qg3+ Kh6 0-1

[Event "23rd ETCC Open 2021"]
[Site "Catez"]
[Date "2021.11.15"]
[Round "4.41"]
[White "Vocaturo, Daniele"]
[Black "Christiansen, Johan-Sebastian"]
[Result "0-1"]
[WhiteElo "2632"]
[BlackElo "2582"]
[Annotator "RC"]
[PlyCount "64"]
[EventDate "2021.11.08"]
[EventType "team-tourn"]
[EventCountry "SLO"]
[SourceTitle "playchess.com"]
[Source "ChessBase"]
[SourceQuality "1"]
[WhiteTeam "Italy"]
[BlackTeam "Norway"]
[WhiteTeamCountry "ITA"]
[BlackTeamCountry "NOR"]
[TimeControl "40/5400+30:1800+30"]

1. e4 e5 2. Nf3 Nc6 3. Bb5 f5 4. d3 fxe4 5. dxe4 Nf6 6. O-O Bc5 7. Bxc6 bxc6 8.
Nxe5 O-O 9. Nc3 d6 10. Na4 Qe8 11. Nd3 Bd4 12. c3 Bb6 13. Nxb6 axb6 14. f3 Be6
15. a3 Qf7 16. Bg5 Nd7 17. Qd2 Bc4 18. Rf2 c5 19. Rd1 Bxd3 20. Qxd3 Ne5 21. Qd5
Qxd5 22. Rxd5 c4 23. Rd4 Ra5 24. Be3 Rb5 25. Rfd2 Rf7 26. f4 Ng4 27. Bf2 Rxf4
28. Bg3 Rf7 29. h3 Ne5 30. Bxe5 Rxe5 31. Rxc4 Rfe7 32. Rdd4 c5 0-1

[Event "23rd ETCC Open 2021"]
[Site "Catez"]
[Date "2021.11.15"]
[Round "4.42"]
[White "Urkedal, Frode Olav Olsen"]
[Black "Moroni, Luca Jr"]
[Result "1/2-1/2"]
[WhiteElo "2569"]
[BlackElo "2580"]
[Annotator "ChessBase"]
[PlyCount "69"]
[EventDate "2021.11.08"]
[EventType "team-tourn"]
[EventCountry "SLO"]
[SourceTitle "playchess.com"]
[Source "ChessBase"]
[SourceQuality "1"]
[WhiteTeam "Norway"]
[BlackTeam "Italy"]
[WhiteTeamCountry "NOR"]
[BlackTeamCountry "ITA"]
[TimeControl "40/5400+30:1800+30"]

1. d4 d5 2. c4 e6 3. Nc3 Be7 4. Nf3 Nf6 5. Bf4 O-O 6. e3 Nbd7 7. c5 c6 8. Bd3
b6 9. b4 a5 10. a3 Ba6 11. O-O Qc8 12. h3 Qb7 13. Rb1 axb4 14. axb4 Bxd3 15.
Qxd3 Ra3 16. Qc2 Rfa8 17. Rfc1 b5 18. Nd2 h6 19. Nb3 Bd8 20. Qb2 R3a7 21. Ra1
Nf8 22. Rxa7 Rxa7 23. Ra1 Ng6 24. Bd6 h5 25. Rxa7 Qxa7 26. Qa2 Qb7 27. f3 h4
28. e4 Kh7 29. Qe2 Qa6 30. Qa2 Qb7 31. Kf2 Kg8 32. Qe2 Qa7 33. Qa2 Qb7 34. Na5
Qa6 35. Nb3 1/2-1/2

[Event "23rd ETCC Open 2021"]
[Site "Catez"]
[Date "2021.11.15"]
[Round "4.43"]
[White "Valsecchi, Alessio"]
[Black "Hauge, Lars Oskar"]
[Result "1/2-1/2"]
[WhiteElo "2527"]
[BlackElo "2490"]
[Annotator "ChessBase"]
[PlyCount "108"]
[EventDate "2021.11.08"]
[EventType "team-tourn"]
[EventCountry "SLO"]
[SourceTitle "playchess.com"]
[Source "ChessBase"]
[SourceQuality "1"]
[WhiteTeam "Italy"]
[BlackTeam "Norway"]
[WhiteTeamCountry "ITA"]
[BlackTeamCountry "NOR"]
[TimeControl "40/5400+30:1800+30"]

1. e4 e5 2. Nf3 Nc6 3. Bc4 Nf6 4. d3 h6 5. c3 d6 6. Nbd2 g6 7. a4 a5 8. Qb3 Qe7
9. Nf1 Bg7 10. Ne3 O-O 11. h4 h5 12. Ng5 Nd8 13. d4 exd4 14. cxd4 Nc6 15. Qd1
Nb4 16. f3 d5 17. Bb3 dxe4 18. O-O exf3 19. Qxf3 c6 20. Bd2 Nbd5 21. Rae1 Qd8
22. Nxd5 Nxd5 23. Kh1 Bf5 24. Qg3 Qd7 25. Nf3 Qc7 26. Qxc7 Nxc7 27. Re7 Nd5 28.
Bxd5 cxd5 29. Rxb7 Rfc8 30. Bc3 Rc4 31. Ra1 Bc2 32. Rb5 Bxa4 33. Rxa5 Rxa5 34.
Bxa5 Bxd4 35. Nxd4 Rxd4 36. Be1 f6 37. Kg1 Kf7 38. b4 Bb5 39. Ra7+ Ke6 40. Rb7
Rd1 41. Kf2 Bc4 42. Rc7 Rc1 43. b5 Rc2+ 44. Kg1 Rc1 45. Kf2 Rb1 46. Rc6+ Ke5
47. Bc3+ Ke4 48. b6 Ba6 49. Re6+ Kd3 50. Bxf6 d4 51. Rd6 Rb4 52. Kf3 Bb7+ 53.
Kf4 Bxg2 54. Be5 Bb7 1/2-1/2

[Event "23rd ETCC Open 2021"]
[Site "Catez"]
[Date "2021.11.15"]
[Round "4.44"]
[White "Notkevich, Benjamin Arvola"]
[Black "Sonis, Francesco"]
[Result "0-1"]
[WhiteElo "2471"]
[BlackElo "2536"]
[Annotator "ChessBase"]
[PlyCount "106"]
[EventDate "2021.11.08"]
[EventType "team-tourn"]
[EventCountry "SLO"]
[SourceTitle "playchess.com"]
[Source "ChessBase"]
[SourceQuality "1"]
[WhiteTeam "Norway"]
[BlackTeam "Italy"]
[WhiteTeamCountry "NOR"]
[BlackTeamCountry "ITA"]
[TimeControl "40/5400+30:1800+30"]

1. e4 e5 2. Nf3 Nc6 3. Bb5 a6 4. Ba4 Nf6 5. O-O b5 6. Bb3 Bb7 7. d3 Bc5 8. Nc3
O-O 9. Bg5 h6 10. Bh4 Be7 11. a3 d6 12. Re1 Nd7 13. Bg3 Bf6 14. Nd5 Ne7 15.
Nxf6+ Nxf6 16. h3 Ng6 17. c3 c5 18. Nh2 d5 19. exd5 Nxd5 20. Ng4 Ndf4 21. Nxe5
Nxe5 22. Rxe5 Nxd3 23. Rh5 Re8 24. Qd2 c4 25. Ba2 Qf6 26. Rh4 Rad8 27. Kh2 g5
28. Rg4 Bc8 29. Rd4 Rxd4 30. cxd4 Qxd4 31. Rb1 Bf5 32. Qa5 Re6 33. Rd1 Qxb2 34.
Bxc4 bxc4 35. Qxf5 Qb5 36. Qf3 f5 37. a4 Qc5 38. Bb8 Rb6 39. Qa8 Qc6 40. Qxc6
Rxc6 41. Ba7 Kf7 42. Bd4 Ke6 43. a5 Rd6 44. Bg7 Nxf2 45. Rc1 Kf7 46. Bh8 Rd8
47. Rxc4 Rxh8 48. Rc7+ Ke6 49. Rc6+ Kd5 50. Rxa6 Ne4 51. Ra7 Rc8 52. a6 Rc1 53.
Rd7+ Ke5 0-1

[Event "23rd ETCC Open 2021"]
[Site "Catez"]
[Date "2021.11.15"]
[Round "4.45"]
[White "Adams, Michael"]
[Black "Mehmeti, Dritan"]
[Result "1-0"]
[WhiteElo "2714"]
[BlackElo "2391"]
[Annotator "TA"]
[PlyCount "69"]
[EventDate "2021.11.08"]
[EventType "team-tourn"]
[EventCountry "SLO"]
[SourceTitle "playchess.com"]
[Source "ChessBase"]
[SourceQuality "1"]
[WhiteTeam "England"]
[BlackTeam "Albania"]
[WhiteTeamCountry "ENG"]
[BlackTeamCountry "ALB"]

{[%evp 14,69,48,46,44,56,54,53,47,47,41,13,43,27,57,54,54,51,68,44,30,35,95,72,
121,120,115,77,100,108,104,93,174,128,135,76,164,177,193,178,194,144,160,154,
139,131,191,197,478,480,479,440,571,379,787,744,752,716]} 1. e4 e6 2. d4 d5 3.
e5 c5 4. c3 Nc6 5. Nf3 Qb6 6. Be2 Bd7 7. O-O Rc8 {7...Nh6 is the modern
continuation.} 8. dxc5 Bxc5 {C02: French: Advance Variation.} 9. b4 Bf8 10. Na3
Nge7 {White is slightly better.} 11. Be3 Qd8 12. Bg5 {And now Nb5 would win.}
Qb6 {[#]} 13. Rb1 $146 {[%mdl 2048] White has some pressure.} ({Predecessor:} 
13. Bd3 Ng6 14. Qe2 Be7 15. Bd2 O-O 16. g3 a6 17. h4 Qc7 18. Rae1 f6 19. exf6
gxf6 {1-0 (40) Koepke,C (2164)-Wehner,R Bad Homburg 2000}) 13... Nf5 14. Bd3 h6
15. Bd2 Be7 16. c4 Nfd4 {Black wants to play ...Nxf3+.} 17. Re1 O-O (17... Qa6
$14 18. Nxd4 Nxd4) 18. c5 Nxf3+ 19. Qxf3 Qd8 20. Qh5 {aiming for Bxh6!} f5 {[#]
} 21. Nb5 $1 Qe8 22. Qf3 g5 (22... a5 $16) 23. h4 Qg6 24. Qg3 (24. hxg5 $142
hxg5 25. Nd6) 24... Kg7 (24... Qg7 $16) 25. Nd6 $18 {[%mdl 64] [#] Double
Attack} Rb8 26. b5 Nd8 27. Rbc1 gxh4 28. Qxg6+ Kxg6 29. a4 Nf7 (29... Rg8 $16)
30. f4 a6 $2 (30... Bc8 {was necessary.} 31. Be3 h5) 31. c6 bxc6 32. bxc6 {
[%cal Bb5c6,Bc6c7][%mdl 32]} Bc8 33. c7 Rb6 (33... Bxd6 34. cxb8=N (34. exd6
Rb6 $18) 34... Bxb8) 34. Nxc8 Rxc8 35. Ba5 {Weighted Error Value: White=0.19/
Black=0.38} 1-0

[Event "23rd ETCC Open 2021"]
[Site "Catez"]
[Date "2021.11.15"]
[Round "4.46"]
[White "Pasko, Llambi"]
[Black "McShane, Luke J"]
[Result "0-1"]
[WhiteElo "2417"]
[BlackElo "2667"]
[Annotator "TA"]
[PlyCount "78"]
[EventDate "2021.11.08"]
[EventType "team-tourn"]
[EventCountry "SLO"]
[SourceTitle "playchess.com"]
[Source "ChessBase"]
[SourceQuality "1"]
[WhiteTeam "Albania"]
[BlackTeam "England"]
[WhiteTeamCountry "ALB"]
[BlackTeamCountry "ENG"]

{[%evp 23,78,0,42,42,37,35,42,17,30,-58,-59,-104,-120,-102,-79,-99,-111,-289,
-164,-149,-164,-186,-190,-223,-219,-210,-206,-218,-207,-282,-245,-295,-291,
-274,-300,-354,-254,-472,-484,-632,-641,-654,-656,-653,-627,-656,-650,-646,
-628,-29973,-29942,-29976,-29978,-29979,-29979,-29977,-29977]} 1. d4 Nf6 2. c4
g6 3. Nc3 Bg7 4. e4 d6 5. Nf3 O-O 6. Be2 e5 7. O-O Na6 8. d5 Nc5 9. Qc2 a5 10.
Bg5 h6 11. Be3 b6 12. Nd2 Bg4 13. Bxg4 {E94: King's Indian: Classical: 6 Be2
e5 7 0-0: Various Black 7th moves.} Nxg4 14. Bxc5 bxc5 {[#]} 15. a3 $146 {
White is slightly better.} ({Predecessor:} 15. a4 h5 16. Ra3 Bh6 17. Nf3 Nf6
18. Rb3 Nd7 19. Rb7 Nb8 20. Rb5 Na6 21. Qe2 {1/2-1/2 (34) Kempinski,R (2583)
-Moranda,W (2572) Polanica Zdroj 2013}) 15... h5 16. b4 (16. h3 $11 Nf6 17. Nf3
) 16... axb4 $40 {[%mdl 128] Black is up to no good.} 17. axb4 Rxa1 ({Don't
play} 17... cxb4 $6 18. Na2 $11) 18. Rxa1 {And now bxc5 would win.} cxb4 19.
Nb5 c6 $1 20. h3 $2 {[#] This move loses the game for White.} cxb5 (20... Nxf2
$142 $1 {[%mdl 512]} 21. Nxd6 (21. Na7 cxd5) 21... Nxh3+ $1 {[%mdl 512]} 22.
gxh3 Qxd6) 21. hxg4 $19 hxg4 22. cxb5 Qb6 23. Nc4 Qd4 24. Rd1 Qc5 25. Ne3 Qxb5
26. Qc6 Qb8 27. g3 b3 {[%cal Bb4b3,Bb3b2][%mdl 32] aiming for ...Rc8.} 28. Rb1
{[#]} Qb4 29. Qc4 Rb8 30. Qd3 $2 (30. Kf1) 30... Bh6 31. Nxg4 Bg5 32. Kg2 b2
33. Qc2 Kg7 34. Nh2 Bc1 35. Nf3 Ra8 36. Ng1 Ra1 {Black mates.} 37. Ne2 Rxb1 38.
Qxb1 Qe1 39. Ng1 Qa5 {Weighted Error Value: White=0.61/Black=0.06} 0-1

[Event "23rd ETCC Open 2021"]
[Site "Catez"]
[Date "2021.11.15"]
[Round "4.47"]
[White "Jones, Gawain C B"]
[Black "Ashiku, Franc"]
[Result "1/2-1/2"]
[WhiteElo "2654"]
[BlackElo "2419"]
[Annotator "ChessBase"]
[PlyCount "75"]
[EventDate "2021.11.08"]
[EventType "team-tourn"]
[EventCountry "SLO"]
[SourceTitle "playchess.com"]
[Source "ChessBase"]
[SourceQuality "1"]
[WhiteTeam "England"]
[BlackTeam "Albania"]
[WhiteTeamCountry "ENG"]
[BlackTeamCountry "ALB"]
[TimeControl "40/5400+30:1800+30"]

1. e4 c5 2. Nf3 Nc6 3. Bb5 Nf6 4. Nc3 g6 5. O-O Bg7 6. e5 Ng4 7. Re1 O-O 8.
Bxc6 dxc6 9. h3 Nh6 10. d3 Nf5 11. Ne4 b6 12. c3 Ba6 13. e6 h6 14. Bf4 Qxd3 15.
Ne5 Bxe5 16. exf7+ Kxf7 17. Bxe5 Qxd1 18. Raxd1 Rad8 19. Nd2 Rd7 20. g4 Nh4 21.
Bg3 Rfd8 22. Bxh4 g5 23. Bg3 Rxd2 24. Rxd2 Rxd2 25. Bb8 Rxb2 26. Bxa7 Bc4 27.
a4 Bd5 28. Ra1 c4 29. Kf1 e6 30. Bb8 Bf3 31. Be5 Kg6 32. Kg1 Be4 33. a5 bxa5
34. f3 Bxf3 35. Rxa5 Rb5 36. Bc7 Rxa5 37. Bxa5 h5 38. gxh5+ 1/2-1/2

[Event "23rd ETCC Open 2021"]
[Site "Catez"]
[Date "2021.11.15"]
[Round "4.48"]
[White "Seitaj, Ilir"]
[Black "Haria, Ravi"]
[Result "1/2-1/2"]
[WhiteElo "2351"]
[BlackElo "2497"]
[Annotator "TA"]
[PlyCount "150"]
[EventDate "2021.11.08"]
[EventType "team-tourn"]
[EventCountry "SLO"]
[SourceTitle "playchess.com"]
[Source "ChessBase"]
[SourceQuality "1"]
[WhiteTeam "Albania"]
[BlackTeam "England"]
[WhiteTeamCountry "ALB"]
[BlackTeamCountry "ENG"]

{[%evp 16,150,-2,0,-13,-13,-17,-17,0,0,8,18,26,31,40,0,3,0,0,0,0,0,4,2,60,17,
18,18,29,23,16,13,23,9,22,0,9,0,23,23,79,41,59,15,83,40,45,47,45,35,39,29,35,8,
8,4,8,8,18,8,8,12,12,8,52,0,0,0,0,0,33,10,14,0,22,0,0,0,0,0,0,0,0,0,0,0,0,0,0,
0,8,8,8,8,8,8,8,8,8,8,8,8,8,8,8,0,0,0,8,8,8,8,8,0,0,0,0,0,0,0,0,0,0,0,0,0,0,0,
0,0,0,0,0,0,0,0,8]} 1. e4 e6 2. d4 d5 3. Nc3 Nf6 4. Bg5 dxe4 5. Nxe4 Be7 6.
Bxf6 gxf6 7. g3 f5 8. Nc3 Bf6 9. Nge2 Nc6 {[%cal Rc6d4] C13: French: Classical
System: 4 Bg5 Be7, Alekhine-Chatard Attack.} 10. d5 Ne5 {[%cal Re5f3] [#]} 11.
Bg2 c6 12. dxc6 {[#]} Nxc6 $146 ({Predecessor:} 12... Qxd1+ 13. Rxd1 Nxc6 14.
Nb5 Ke7 15. c3 a6 16. Na3 Bd7 17. Nc4 Rhd8 18. Nb6 Rab8 {0-1 (47) Jakubiec,A 
(2455)-Somlai,L (2360) Kecskemet 1997}) 13. Qxd8+ Kxd8 14. O-O-O+ Ke7 15. Rhe1
(15. Bxc6 $5 bxc6 16. Nd4 $14) 15... Rd8 16. Rxd8 Kxd8 17. Nb5 Bd7 18. Nf4 Be7
19. Rd1 a6 (19... Ne5 $11) 20. Nd6 (20. Bxc6 $5 bxc6 21. Nd6 $11) 20... Bxd6
21. Rxd6 Ke7 22. Rd2 Rc8 23. b3 Rc7 24. Kb2 Ne5 25. Re2 f6 26. a4 Kf7 27. Rd2
Ng6 (27... Ke7 $11 {remains equal.}) 28. Ne2 Ke7 29. f4 (29. a5 {keeps more
tension.} Bc6 30. Bh3 Bd7 31. f4 e5 32. Nc3) 29... Bc6 (29... e5 $11) 30. Bxc6
(30. Nd4 {with more complications.} Be4 31. Re2 Kd6 32. a5 Nf8 33. b4) 30...
Rxc6 $16 {[%mdl 4096] Endgame KRN-KRN} 31. Nd4 Rd6 32. c4 Kd7 33. Kc3 Ne7 34.
b4 e5 35. Nb3 {Strongly threatening Nc5+.} Rxd2 36. Kxd2 $11 {KN-KN} Ng6 37.
Nc5+ Kc6 38. Nd3 Kd6 39. Kc3 Nf8 40. a5 (40. Nc5 $14) 40... Nd7 41. Ne1 Nf8 42.
Ng2 Ng6 43. Kd3 Ke6 {The position is equal.} 44. h4 h5 45. c5 Ne7 46. Kc4 Nd5
47. Ne1 Ne3+ 48. Kd3 Nd5 49. Kc4 Ne3+ 50. Kd3 Nf1 (50... exf4 {looks sharper.}
51. gxf4 Nd5 52. Kc4 Nxf4 53. Nf3 Ng6) 51. Kc4 Nxg3 52. b5 {Hoping for fxe5.}
axb5+ ({Wrong is} 52... exf4 $2 53. c6 $18) 53. Kxb5 Kd7 ({Don't go for} 53...
exf4 $2 54. c6 $18) 54. Kb6 Kc8 55. c6 bxc6 56. a6 Kb8 57. Nd3 {White
threatens Nc5 and mate.} Ne4 58. fxe5 fxe5 59. Nxe5 f4 60. Nxc6+ (60. Nf3 {
keeps more tension.} Nc3 61. Kxc6 Ka7 62. Kd6 Nd1 63. Ke5) 60... Ka8 61. Nd4 {
Ne6 would kill now.} Nc3 (61... Nd2 {feels hotter.} 62. a7 Nc4+ 63. Kb5 Ne3 64.
Ka6 Nd5) 62. Nf3 Nd5+ 63. Kc5 Ne3 64. Nd4 Ka7 65. Kb5 Nd5 66. Ka5 Ka8 67. Nf3
Ka7 68. Ne5 Ka8 69. Kb5 Ka7 70. Nc6+ (70. Nf3 {seems wilder.} Ne3 71. Nd4)
70... Ka8 71. Kc4 (71. Nd4 {is more complex.} Ka7) 71... Ne3+ 72. Kd3 Nf5 73.
Ke4 {[%mdl 64] [#] Double Attack} Nxh4 74. Kxf4 Ng6+ 75. Kf5 Ne7+ {Weighted
Error Value: White=0.08/Black=0.11} 1/2-1/2

[Event "23rd ETCC Open 2021"]
[Site "Catez"]
[Date "2021.11.15"]
[Round "4.49"]
[White "Andersen, Mads"]
[Black "Hillarp Persson, Tiger"]
[Result "1/2-1/2"]
[WhiteElo "2575"]
[BlackElo "2528"]
[Annotator "ChessBase"]
[PlyCount "61"]
[EventDate "2021.11.08"]
[EventType "team-tourn"]
[EventCountry "SLO"]
[SourceTitle "playchess.com"]
[Source "ChessBase"]
[SourceQuality "1"]
[WhiteTeam "Denmark"]
[BlackTeam "Sweden"]
[WhiteTeamCountry "DEN"]
[BlackTeamCountry "SWE"]
[TimeControl "40/5400+30:1800+30"]

1. d4 Nf6 2. c4 e6 3. Nf3 d5 4. g3 Be7 5. Bg2 O-O 6. O-O dxc4 7. Qc2 b6 8. Bg5
Nd5 9. Bxe7 Qxe7 10. Nbd2 Ba6 11. Nxc4 c5 12. Nce5 f6 13. Nd3 Nd7 14. Qd2 Rad8
15. Rfd1 Bb7 16. Rac1 cxd4 17. Nxd4 Nc5 18. Nxc5 bxc5 19. Nb3 Nb6 20. Qe3 Rxd1+
21. Rxd1 Bxg2 22. Kxg2 Rc8 23. Qe4 e5 24. Na5 c4 25. g4 g6 26. Nc6 Qc5 27. Nd8
Qc7 28. Ne6 Qf7 29. Nd8 Qc7 30. Ne6 Qf7 31. Nd8 1/2-1/2

[Event "23rd ETCC Open 2021"]
[Site "Catez"]
[Date "2021.11.15"]
[Round "4.50"]
[White "Blomqvist, Erik"]
[Black "Thybo, Jesper Sondergaard"]
[Result "1/2-1/2"]
[WhiteElo "2542"]
[BlackElo "2604"]
[Annotator "ChessBase"]
[PlyCount "123"]
[EventDate "2021.11.08"]
[EventType "team-tourn"]
[EventCountry "SLO"]
[SourceTitle "playchess.com"]
[Source "ChessBase"]
[SourceQuality "1"]
[WhiteTeam "Sweden"]
[BlackTeam "Denmark"]
[WhiteTeamCountry "SWE"]
[BlackTeamCountry "DEN"]
[TimeControl "40/5400+30:1800+30"]

1. e4 e5 2. Nf3 Nc6 3. Bb5 Nf6 4. d3 Bc5 5. c3 O-O 6. O-O d5 7. exd5 Qxd5 8.
Bc4 Qd8 9. Nbd2 Bf5 10. b4 Be7 11. Qc2 a6 12. a4 Nd5 13. Ne4 Bg4 14. Ne1 Qd7
15. Ng3 Nf4 16. h3 Be6 17. Bxe6 Nxe6 18. Nf3 Rfd8 19. Rd1 Bd6 20. Bb2 b6 21.
Qe2 f6 22. Re1 Kh8 23. Qe4 Re8 24. h4 Rad8 25. Rad1 Bf8 26. Qc4 Nf4 27. Bc1 Qd5
28. Qxd5 Nxd5 29. Bd2 b5 30. axb5 axb5 31. Kf1 Re7 32. c4 bxc4 33. dxc4 Ndxb4
34. Bxb4 Rxd1 35. Rxd1 Nxb4 36. Rd8 Kg8 37. Nf5 Re6 38. h5 Nc6 39. Rd7 Ne7 40.
N3h4 Nxf5 41. Nxf5 g6 42. hxg6 hxg6 43. Nh4 Rc6 44. Nxg6 Bd6 45. Nh4 Kf8 46.
Nf5 Ke8 47. Rh7 Rxc4 48. Ke2 Rc2+ 49. Kf3 Bc5 50. Rxc7 Kd8 51. Rf7 Rxf2+ 52.
Ke4 Rf4+ 53. Kd5 Rxf5 54. Kxc5 Ke8 55. Ra7 Kf8 56. Kd5 Rf2 57. g4 Kg8 58. g5
fxg5 59. Kxe5 Rf7 60. Rxf7 Kxf7 61. Kf5 Ke8 62. Kxg5 1/2-1/2

[Event "23rd ETCC Open 2021"]
[Site "Catez"]
[Date "2021.11.15"]
[Round "4.51"]
[White "Bjerre, Jonas Buhl"]
[Black "Johansson, Linus"]
[Result "1-0"]
[WhiteElo "2569"]
[BlackElo "2479"]
[Annotator "ChessBase"]
[PlyCount "107"]
[EventDate "2021.11.08"]
[EventType "team-tourn"]
[EventCountry "SLO"]
[SourceTitle "playchess.com"]
[Source "ChessBase"]
[SourceQuality "1"]
[WhiteTeam "Denmark"]
[BlackTeam "Sweden"]
[WhiteTeamCountry "DEN"]
[BlackTeamCountry "SWE"]
[TimeControl "40/5400+30:1800+30"]

1. e4 e6 2. d4 d5 3. Nd2 c5 4. Ngf3 cxd4 5. Nxd4 Nc6 6. Bb5 Bd7 7. Nxc6 bxc6 8.
Bd3 Bd6 9. Qe2 e5 10. O-O Qe7 11. exd5 cxd5 12. c4 e4 13. Re1 Kf8 14. Bc2 Rc8
15. Bb3 Qe5 16. g3 Nf6 17. cxd5 Bg4 18. Qa6 Bb4 19. Qb7 a5 20. d6 Bd7 21. Rxe4
Nxe4 22. Nxe4 Qe8 23. Bd5 Rb8 24. Qa7 Rb5 25. Bh6 Rxd5 26. Nf6 gxh6 27. Nxe8
Bxe8 28. Qe7+ Kg7 29. Qe4 Bc6 30. Qg4+ Kf6 31. Rc1 Ba8 32. d7 Ke7 33. Rc8 Re5
34. Re8+ Rxe8 35. dxe8=Q+ Kxe8 36. Qc8+ Ke7 37. Qxa8 Bd6 38. Kf1 h5 39. Qh8 h4
40. Qxh7 hxg3 41. hxg3 Rb5 42. Qe4+ Re5 43. Qb7+ Ke6 44. a3 Rd5 45. Qc6 Rc5 46.
Qe4+ Kd7 47. b4 axb4 48. axb4 Re5 49. Qb7+ Bc7 50. b5 Re6 51. f4 Rd6 52. Ke2 f5
53. Kf3 Rf6 54. b6 1-0